[Event "IECG QB.2004.0.00059"]
[Site "IECG email"]
[Date "2004.09.05"]
[Round "?"]
[White "Kazakhov, Maxim"]
[Black "Trapeaux, Jerome"]
[Result "0-1"]
[WhiteElo "1914"]
[BlackElo "1905"]
[PlyCount "108"]
[EventDate "2004.09.05"]
[EventType "tourn (corr)"]
[EventRounds "6"]
[SourceTitle "Corr 2024"]
[Source "ChessBase"]
[SourceDate "2023.10.19"]
[SourceVersion "1"]
[SourceVersionDate "2023.10.19"]
[SourceQuality "1"]

1. e4 c5 2. Nf3 d6 3. d4 cxd4 4. Nxd4 Nf6 5. Nc3 a6 6. Bg5 e6 7. f4 Be7 8. Qf3 Qc7 9. 0-0-0 Nbd7 10. g4 b5 11. Bxf6 Nxf6 12. g5 Nd7 13. f5 Bxg5+ 14. Kb1 Ne5 15. Qh5 Qd8 16. h4 Bf6 17. fxe6 0-0 18. Bh3 Kh8 19. Nd5 fxe6 20. Bxe6 g6 21. Qe2 Nf3 22. Nc6 Qe8 23. Bxc8 Rxc8 24. Qxf3 Bg7 25. Qg4 Rxc6 26. h5 Rf2 27. Rc1 Qe5 28. c3 Rc4 29. hxg6 Qxe4+ 30. Qxe4 Rxe4 31. Rc2 Rf5 32. Nb4 h6 33. Rg2 a5 34. Nc6 b4 35. cxb4 axb4 36. Nd8 Rc5 37. b3 Kg8 38. Nf7 h5 39. Nxd6 Re6 40. Nf7 Bf6 41. Rf2 Kg7 42. Rg2 h4 43. Rd2 Kxg6 44. Nd6 Bg5 45. Rdd1 Re2 46. Nc4 Rf5 47. Nb2 Kh5 48. Nd3 Bd2 49. Rh3 Kg4 50. Rhh1 h3 51. Nxb4 Bxb4 52. Rd4+ Kg3 53. Rxb4 Rff2 54. a4 h2 0-1

[Event "IECG CP.2001.P.00024"]
[Site "IECG email"]
[Date "2001.10.01"]
[Round "?"]
[White "Kazakhov, Maxim"]
[Black "Markus, Roland"]
[Result "1/2-1/2"]
[WhiteElo "1925"]
[BlackElo "2248"]
[PlyCount "128"]
[EventDate "2001.10.01"]
[EventType "tourn (corr)"]
[EventRounds "6"]
[SourceTitle "Corr 2008"]
[Source "ChessBase"]
[SourceDate "2008.06.24"]
[SourceVersion "1"]
[SourceVersionDate "2008.06.24"]
[SourceQuality "1"]

1. e4 c6 2. Nc3 d5 3. Nf3 Bg4 4. h3 Bxf3 5. Qxf3 Nf6 6. d3 e6 7. e5 Nfd7 8. d4 c5 9. dxc5 Bxc5 10. Qg3 Bd4 11. Qxg7 Bxe5 12. Qg4 Nc6 13. Bd2 h5 14. Qd1 Qb6 15. Na4 Qd4 16. Nc3 Nc5 17. Bb5 Ne4 18. Nxe4 Qxe4+ 19. Qe2 Bxb2 20. Qxe4 dxe4 21. Rb1 Be5 22. Bxc6+ bxc6 23. Be3 f5 24. Ke2 Rh7 25. Rhd1 Rb8 26. Rxb8+ Bxb8 27. Rd4 Rg7 28. g3 Rb7 29. Ra4 Kd7 30. Bc5 Kc8 31. Bd4 e5 32. Bc3 Rf7 33. Ra5 Re7 34. Rc5 Kb7 35. Rc4 Rf7 36. Rb4+ Kc8 37. Bd2 Bd6 38. Rc4 Kc7 39. g4 fxg4 40. hxg4 hxg4 41. Rxe4 Bc5 42. Be3 Bxe3 43. Rxe3 Rf5 44. Ra3 Kb6 45. Rb3+ Kc5 46. Rc3+ Kb5 47. Rb3+ Ka4 48. Rg3 Rf4 49. Re3 Rc4 50. Kd3 Rd4+ 51. Kc3 Rd5 52. Kb2 Rb5+ 53. Kc1 Rb4 54. Kd2 e4 55. Kc1 a5 56. c3 Rb5 57. Rxe4+ Ka3 58. Rxg4 Kxa2 59. Rc4 c5 60. Kc2 Rb2+ 61. Kd3 Rxf2 62. Rxc5 a4 63. Rb5 a3 64. c4 Rb2 1/2-1/2

[Event "IECG CP.2000.P.00049"]
[Site "IECG email"]
[Date "2000.10.01"]
[Round "?"]
[White "Casani, Rafael"]
[Black "Kazakhov, Maxim"]
[Result "0-1"]
[WhiteElo "1400"]
[BlackElo "1909"]
[PlyCount "52"]
[EventDate "2000.10.01"]
[EventType "tourn (corr)"]
[EventRounds "6"]
[EventCountry "GER"]
[SourceTitle "Corr 2008"]
[Source "ChessBase"]
[SourceDate "2008.06.24"]
[SourceVersion "1"]
[SourceVersionDate "2008.06.24"]
[SourceQuality "1"]

1. e4 e5 2. Nf3 Nc6 3. Bb5 f5 4. Nc3 fxe4 5. Nxe4 Nf6 6. Qe2 d5 7. Ng3 Bd6 8. Nxe5 0-0 9. Nxc6 bxc6 10. Bxc6 Rb8 11. 0-0 Rb6 12. Ba4 Ng4 13. h3 Nxf2 14. Rxf2 Bxg3 15. Rxf8+ Qxf8 16. Qf3 Qxf3 17. gxf3 Bxh3 18. Bb3 Rd6 19. d3 c6 20. Be3 Rg6 21. Kh1 Bb8 22. Rg1 Re6 23. Re1 Kf7 24. Bf2 Rg6 25. Rg1 Rh6 26. Be3 Rh4 0-1

[Event "IECG CP.1999.Q.00017"]
[Site "IECG email"]
[Date "2000.10.01"]
[Round "?"]
[White "Dulik, Jorge Pedro"]
[Black "Kazakhov, Maxim"]
[Result "0-1"]
[WhiteElo "2242"]
[BlackElo "1909"]
[PlyCount "57"]
[EventDate "2000.10.01"]
[EventType "tourn (corr)"]
[EventRounds "8"]
[EventCountry "BEL"]
[SourceTitle "Corr 2008"]
[Source "ChessBase"]
[SourceDate "2008.06.24"]
[SourceVersion "1"]
[SourceVersionDate "2008.06.24"]
[SourceQuality "1"]

1. e4 e5 2. Nf3 d6 3. d4 exd4 4. Nxd4 Nf6 5. Nc3 Be7 6. Bf4 0-0 7. Qd2 d5 8. Ndb5 Bb4 9. 0-0-0 c6 10. Nc7 Nxe4 11. Qe3 Bc5 12. Qxe4 Qxc7 13. Bxc7 dxe4 14. Nxe4 Bb6 15. Bxb6 axb6 16. a3 Na6 17. Bc4 b5 18. Bb3 b4 19. a4 Be6 20. Bxe6 fxe6 21. b3 Rad8 22. Rxd8 Rxd8 23. Rd1 Rxd1+ 24. Kxd1 b6 25. Kd2 Nc7 26. c3 bxc3+ 27. Kxc3 Kf7 28. b4 Kg6 29. a5 0-1

[Event "IECG CP.1999.Q.00017"]
[Site "IECG email"]
[Date "2000.10.01"]
[Round "?"]
[White "Kazakhov, Maxim"]
[Black "Deschamp, Guy"]
[Result "0-1"]
[WhiteElo "1909"]
[BlackElo "2248"]
[PlyCount "108"]
[EventDate "2000.10.01"]
[EventType "tourn (corr)"]
[EventRounds "8"]
[EventCountry "BEL"]
[SourceTitle "Corr 2008"]
[Source "ChessBase"]
[SourceDate "2008.06.24"]
[SourceVersion "1"]
[SourceVersionDate "2008.06.24"]
[SourceQuality "1"]

1. e4 c5 2. Nf3 e6 3. Nc3 Nc6 4. Bb5 Nge7 5. 0-0 a6 6. Bxc6 Nxc6 7. d4 cxd4 8. Nxd4 Be7 9. Be3 0-0 10. Qh5 Qc7 11. Nxc6 bxc6 12. f4 Rb8 13. Rab1 d5 14. a3 f5 15. exd5 cxd5 16. Bd4 Bc5 17. Qd1 Bd6 18. Qe2 Bd7 19. g3 a5 20. Rfe1 Rb7 21. Qd3 Rc8 22. Kh1 a4 23. Red1 Rcb8 24. Ne2 Bb5 25. Qe3 Re8 26. Rd2 Qc6 27. Kg1 Bc4 28. Re1 Bc7 29. Bc3 Bb6 30. Nd4 Qc7 31. Bb4 Rbb8 32. Kg2 Rbc8 33. Rdd1 Ba6 34. Bc3 Qb7 35. Qd2 Rc4 36. b3 Rc5 37. Re3 Rc7 38. bxa4 Ba7 39. a5 Rc4 40. Ba1 Qc8 41. Rc1 Re7 42. Ree1 Rec7 43. Kh1 h6 44. Bb2 Bxd4 45. Bxd4 Rxc2 46. Rxc2 Rxc2 47. Qe3 Rc6 48. Qe5 Qb7 49. Kg2 Bd3 50. Kf2 Kh7 51. Bc3 Rc7 52. Rd1 Ba6 53. Ra1 d4 54. Qxd4 Qc6 0-1

[Event "IECG CP.2000.P.00049"]
[Site "IECG email"]
[Date "2000.10.01"]
[Round "?"]
[White "Kazakhov, Maxim"]
[Black "Siefring, Carl L"]
[Result "0-1"]
[WhiteElo "1909"]
[BlackElo "2205"]
[PlyCount "116"]
[EventDate "2000.10.01"]
[EventType "tourn (corr)"]
[EventRounds "6"]
[EventCountry "GER"]
[SourceTitle "Corr 2008"]
[Source "ChessBase"]
[SourceDate "2008.06.24"]
[SourceVersion "1"]
[SourceVersionDate "2008.06.24"]
[SourceQuality "1"]

1. e4 c5 2. Nf3 e6 3. d4 cxd4 4. Nxd4 Nc6 5. Nc3 a6 6. Be2 Qc7 7. 0-0 Nf6 8. Be3 Bb4 9. Na4 Be7 10. Nxc6 bxc6 11. Nb6 Rb8 12. Nxc8 Qxc8 13. e5 Nd5 14. Bc1 Bc5 15. c4 Ne7 16. b3 Qc7 17. Bb2 0-0 18. Bd3 Ng6 19. Qc2 a5 20. Rad1 Rfd8 21. Kh1 a4 22. bxa4 Nxe5 23. Bxh7+ Kh8 24. Bd3 Ng4 25. g3 d5 26. Rde1 Qb6 27. Re2 Bd4 28. Bxd4 Qxd4 29. cxd5 cxd5 30. Rc1 Ne5 31. Bb5 Nf3 32. Re3 Qf6 33. Kg2 Nd4 34. Qd3 e5 35. f3 Rbc8 36. Ree1 Qh6 37. f4 Rxc1 38. Rxc1 Ne6 39. Qf5 exf4 40. Rf1 Kg8 41. gxf4 Rc8 42. Rf2 d4 43. Qg4 Rd8 44. f5 Nc5 45. f6 d3 46. Rf1 d2 47. Be2 g6 48. a5 Qe3 49. Bd1 Qa3 50. h4 Qxa2 51. h5 Qd5+ 52. Rf3 Qxh5 53. Qxh5 gxh5 54. Rg3+ Kh7 55. Bxh5 Nd3 56. Kf1 Nf4 57. Bd1 Re8 58. Kf2 Re1 0-1

[Event "IECG CP.1999.P.00032"]
[Site "IECG email"]
[Date "1999.10.01"]
[Round "?"]
[White "Ringel, George"]
[Black "Kazakhov, Maxim"]
[Result "0-1"]
[WhiteElo "1484"]
[BlackElo "1900"]
[PlyCount "22"]
[EventDate "1999.10.01"]
[EventType "tourn (corr)"]
[EventRounds "6"]
[EventCountry "RUS"]
[SourceTitle "Corr 2008"]
[Source "ChessBase"]
[SourceDate "2008.06.24"]
[SourceVersion "1"]
[SourceVersionDate "2008.06.24"]
[SourceQuality "1"]

1. d4 f5 2. e4 fxe4 3. Nc3 Nf6 4. Bg5 c6 5. f3 d5 6. fxe4 dxe4 7. Bc4 Bg4 8. Qd2 Nbd7 9. h3 Bh5 10. Nge2 e5 11. Nxe4 Nxe4 0-1